Všeobecná a aplikovaná logistika

Na minha lista:
Detalhes bibliográficos
Autor principal: Viestová, Kristína
Formato: Capítulo de Livro
Idioma:eslovaco
Tags: Adicionar Tag
Sem tags, seja o primeiro a adicionar uma tag!

MARC

LEADER 00000naa$a2200000$$$4500
001 0064591
005 20240502071746.1
041 0 |a slo 
044 |a SK 
245 1 0 |a Všeobecná a aplikovaná logistika  |c Kristína Viestová 
100 1 |a Viestová, Kristína